logo

Bir Sreshtho Munshi Abdur Rouf Library
Jhenaidah Cadet College

মাইক্রোসফট একসিস / (Record no. 7616)

MARC details
000 -LEADER
fixed length control field 00712nam a2200229 a 4500
001 - CONTROL NUMBER
JCCL Control Number 7616
003 - CONTROL NUMBER IDENTIFIER
JCCL marc code BD-JhCC
005 - DATE AND TIME OF LATEST TRANSACTION
control field 20180212124359.0
008 - FIXED-LENGTH DATA ELEMENTS--GENERAL INFORMATION
fixed length control field 180212b2008 bg a|||| ||a| 000 0 ben d
020 ## - INTERNATIONAL STANDARD BOOK NUMBER
International Standard Book Number 9848480331
035 ## - SYSTEM CONTROL NUMBER
system control number (BD-JhCC) 7616
040 ## - CATALOGING SOURCE
Original cataloging agency BD-JhCC
Modifying agency BD-JhCC
041 ## - LANGUAGE CODE
Language code of Book ben
082 ## - DEWEY DECIMAL CLASSIFICATION NUMBER
Classification number 004
Author mark and Year RAH 2008
100 ## - MAIN ENTRY--PERSONAL NAME
Personal name রহমান,মাহবুবুর
245 ## - TITLE STATEMENT
Title মাইক্রোসফট একসিস /
Statement of responsibility, etc মাহবুবুর রহমান
260 ## - PUBLICATION, DISTRIBUTION, ETC. (IMPRINT)
Place of publication, distribution, etc ঢাকা :
Name of publisher, distributor, etc সিসটেক পাবলিকেশন্স লিমিটেড ,
Date of publication, distribution, etc 2008
300 ## - PHYSICAL DESCRIPTION
Pagination Verious page
Dimensions 22 cm .
650 ## - SUBJECT ADDED ENTRY--TOPICAL TERM
Topical term or geographic name as entry element Computer Science
942 ## - ADDED ENTRY ELEMENTS (KOHA)
Source of classification or shelving scheme Dewey Decimal Classification
Koha item type Books
Holdings
Source of classification or shelving scheme Damaged status Not for loan Home library Current library Shelving location Date of accession Cost, normal purchase price Total Checkouts Full call number Barcode Date last seen Copy number Koha item type Source of acquisition Date checked out
Dewey Decimal Classification     JCC Rouf Library JCC Rouf Library General Stacks 02/12/2018 175.00   004 RAH 2008 10228 02/12/2018 C-1 Books    
Dewey Decimal Classification     JCC Rouf Library JCC Rouf Library General Stacks 04/21/2018 175.00   004 RAH 2008 13508 04/21/2018 C-2 Books    
Dewey Decimal Classification     JCC Rouf Library JCC Rouf Library General Stacks 11/08/2020 130.00 1 004 RAH 2008 16118 06/01/2024 C-3 Books Lt. Gen. Mahfuzur Rahman (10th intake) 05/29/2024

JCC Library | Contacts | JCC Home

Last Update on 23 September 2017
Copyright @ 2017-2020 JCC Rouf Library
Rouf Library, Jhenidah Cadet College (JCC), Bangladesh